00505nam a2200241Ia 450000500170000000800460001702000150006303700070007804000080008504000080009304000080010104100080010904100080011708400160012508400080014110000170014924500290016624500170019526000140021226000200022626000090024630000080025520260401122148.0008 250103s9999 xx 000 0 eng d a8126001909 aTB aEDL beng cEDL 2eng aeng a891.432 GOP qEDL aGopal, Madan 0aBharatendu Harishchandra 0cGopal, Madan aNew Delhi bSahitya Akademi c1970 a41p